000 00559nam a2200133Ia 4500
008 171212s9999 xx 000 0 und d
020 _a9780833034526
100 _aEmmerichs, Robert M.;Marcum, Cheryl Y.;Robbert, Albert A.
245 _cEmmerichs, Robert M.;Marcum, Cheryl Y.;Robbert, Albert A.
_aAn Operational Process for Workforce Planning
260 _bRAND Corporation
_c2004
650 _aManagement & Organizational Behavior
650 _aUnited States. Dept. of Defense -- Procurement -- Planning
856 _uwww.jstor.org/stable/10.7249/mr1684-1osd
999 _c351730
_d351730